[Event "Penang op 15th"]
[Site "Penang"]
[Date "2023.12.18"]
[Round "2"]
[White "Aryan, Mehta1"]
[Black "Lim, Feng Wei Ferris"]
[Result "0-1"]
[WhiteElo "1377"]
[BlackElo "1656"]
[PlyCount "110"]
[EventDate "2023.12.18"]
[EventType "swiss"]
[EventRounds "9"]
[EventCountry "MAS"]
[SourceTitle "CB52_2023"]
[SourceDate "2023.12.27"]
[SourceVersion "1"]
[SourceVersionDate "2023.12.27"]
[SourceQuality "1"]

1. e4 c5 2. Nf3 d6 3. d4 cxd4 4. Nxd4 Nf6 5. Nc3 a6 6. Be3 e5 7. Nb3 Be6 8. Be2 Be7 9. 0-0 0-0 10. Re1 b5 11. f3 Nbd7 12. a4 b4 13. Nd5 Bxd5 14. exd5 Nb6 15. Bxb6 Qxb6+ 16. Kh1 h5 17. a5 Qa7 18. Bc4 h4 19. f4 Rfc8 20. fxe5 dxe5 21. Qe2 Bd6 22. Nd2 Qd4 23. b3 Ng4 24. Ne4 f5 25. Nxd6 Nf2+ 26. Kg1 Ne4+ 27. Kh1 Nxd6 28. Rad1 Qe4 29. Qf2 Qg4 30. h3 Ne4 31. hxg4 Nxf2+ 32. Kg1 Nxd1 33. Rxd1 fxg4 34. Re1 Kf7 35. Re4 Kf6 36. Rxg4 g5 37. Re4 Rc5 38. Re2 Rxa5 39. Rf2+ Kg6 40. Bd3+ Kg7 41. Rf5 Rxd5 42. Rxg5+ Kf6 43. Rg6+ Kf7 44. Rh6 Rd4 45. Rh5 Kf6 46. Kf2 a5 47. Rh6+ Ke7 48. Rh7+ Kd6 49. Rh6+ Kd5 50. Bc4+ Rxc4 51. bxc4+ Kxc4 52. Rc6+ Kd5 53. Rc7 a4 54. Ke3 a3 55. Rd7+ Kc4 0-1

[Event "Penang op-B 11th"]
[Site "Penang"]
[Date "2019.12.10"]
[Round "2"]
[White "Lim, Feng Wei Ferris"]
[Black "Doan, Thi Van Anh"]
[Result "1/2-1/2"]
[WhiteElo "1389"]
[BlackElo "1996"]
[PlyCount "51"]
[EventDate "2019.12.09"]
[EventType "swiss"]
[EventRounds "9"]
[EventCountry "MAS"]
[SourceTitle "CBM 193 Extra"]
[Source "ChessBase"]
[SourceDate "2020.01.31"]
[SourceVersion "1"]
[SourceVersionDate "2020.01.31"]
[SourceQuality "1"]

1. d4 d5 2. c4 c6 3. Nc3 e6 4. e3 Nf6 5. Nf3 Bd6 6. Qc2 Nbd7 7. e4 dxe4 8. Nxe4 Nxe4 9. Qxe4 0-0 10. Bd3 Nf6 11. Qe2 c5 12. dxc5 Bxc5 13. 0-0 h6 14. Rd1 Qb6 15. h3 Bd7 16. b3 Bc6 17. Bb2 Rad8 18. Bc2 a5 19. Ne5 Qc7 20. Nxc6 bxc6 21. Bxf6 gxf6 22. Qg4+ Kh8 23. Qh4 Kg7 24. Qg4+ Kh8 25. Qh4 Kg7 26. Qg4+ 1/2-1/2

[Event "Penang Mini op 2nd"]
[Site "Penang"]
[Date "2019.06.08"]
[Round "8"]
[White "Chua, Kian Meng"]
[Black "Lim, Feng Wei Ferris"]
[Result "1/2-1/2"]
[WhiteElo "1621"]
[BlackElo "1538"]
[PlyCount "135"]
[EventDate "2019.06.05"]
[EventType "swiss"]
[EventRounds "9"]
[EventCountry "MAS"]
[SourceTitle "CBM 190 Extra"]
[Source "ChessBase"]
[SourceDate "2019.07.15"]
[SourceVersion "1"]
[SourceVersionDate "2019.07.15"]
[SourceQuality "1"]

1. e4 c5 2. Nf3 d6 3. d4 cxd4 4. Nxd4 Nf6 5. Nc3 a6 6. f3 e5 7. Nb3 Be6 8. Be3 Be7 9. Qd2 0-0 10. 0-0-0 Nbd7 11. g4 b5 12. g5 b4 13. Nd5 Nxd5 14. exd5 Bf5 15. h4 a5 16. Bd3 Bg6 17. Kb1 Bh5 18. Qf2 a4 19. Nc1 Qc7 20. b3 a3 21. Ne2 Rfc8 22. Rhf1 Bg6 23. Bxg6 fxg6 24. Rc1 Nc5 25. Bxc5 Qxc5 26. Qxc5 Rxc5 27. Rcd1 Rac8 28. Rd2 h6 29. Rg1 hxg5 30. hxg5 Rf8 31. Rd3 Rf5 32. f4 exf4 33. Nd4 Rfxd5 34. Ne6 Rxd3 35. cxd3 Rf5 36. Kc2 Kf7 37. Nd4 Rc5+ 38. Kd2 Bxg5 39. Nf3 Bf6 40. Rg4 g5 41. d4 Rc3 42. Nxg5+ Bxg5 43. Rxg5 Rg3 44. Rf5+ Ke6 45. Rxf4 Rg2+ 46. Kc1 Rxa2 47. d5+ Kxd5 48. Rxb4 Rg2 49. Kb1 g5 50. Ra4 a2+ 51. Ka1 g4 52. b4 Kc4 53. Ra3 Kb5 54. Ra5+ Kb6 55. Rd5 Kc6 56. Rg5 g3 57. b5+ Kb6 58. Rd5 Rg1+ 59. Kxa2 Rh1 60. Rxd6+ Kxb5 61. Rg6 Rh2+ 62. Kb3 Rg2 63. Kc3 Ra2 64. Kb3 Rg2 65. Kc3 Kc5 66. Kd3 Ra2 67. Ke3 Ra3+ 68. Kf4 1/2-1/2

[Event "Penang Mini op1st"]
[Site "Penang"]
[Date "2018.06.13"]
[Round "1"]
[White "Cheah, Eric"]
[Black "Lim, Feng Wei Ferris"]
[Result "1-0"]
[WhiteElo "1991"]
[BlackElo "1231"]
[PlyCount "91"]
[EventDate "2018.06.13"]
[EventType "swiss"]
[EventRounds "9"]
[EventCountry "MAS"]
[SourceTitle "CBM 184 Extra"]
[Source "ChessBase"]
[SourceDate "2018.06.28"]
[SourceVersion "1"]
[SourceVersionDate "2018.06.28"]
[SourceQuality "1"]

1. e4 c5 2. Nf3 d6 3. Bb5+ Bd7 4. a4 Nc6 5. 0-0 Nf6 6. Re1 g6 7. c3 a6 8. Bf1 Bg4 9. h3 Bxf3 10. Qxf3 Bg7 11. d3 0-0 12. Bf4 Nh5 13. Bh2 Qb6 14. Qe2 Rac8 15. Na3 Na5 16. Nc4 Nxc4 17. dxc4 e5 18. a5 Qc6 19. Qe3 Qd7 20. g4 Nf6 21. f4 Nxg4 22. hxg4 Qxg4+ 23. Qg3 Qxg3+ 24. Bxg3 Rcd8 25. Rad1 exf4 26. Bxf4 Be5 27. Bxe5 dxe5 28. Bh3 h5 29. Kg2 Kg7 30. Kg3 Kh6 31. Rd5 Rxd5 32. cxd5 Rd8 33. Rf1 Kg7 34. Kf3 g5 35. Bf5 Kh6 36. Rd1 Rd6 37. Bc8 g4+ 38. Kg2 b5 39. axb6 Rxb6 40. d6 Rxb2+ 41. Kg1 h4 42. d7 h3 43. d8Q Rg2+ 44. Kf1 Kh5 45. Rd6 f6 46. Qh8+ 1-0